Highest to lowest autism rates - Statistics

General Stats
  • This quiz has been taken 100 times
  • The average score is 2 of 6
Answers on the Map
Answers color-coded by a green-red scale on the quiz's map according to % correct below.
 
Answer Stats
Answer % Correct
1 in 44
37%
2.6%
32%
1 in 50
31%
1 in 55
23%
1 in 64
15%
1 in 54
13%
No matching quizzes found
Score Distribution
Percent of People with Each Score
Percentile by Number Answered
Your Score History
You have not taken this quiz